01454nam a22001697a 450000500170000000800410001702000150005805000150007310000210008824500660010925000090017526000280018430000310021250000200024350509910026365000300125420210414113921.0120301t xxu||||| |||| 00| 0 eng d a0256140561 aHD58.7.K87 aKreitner, Robert aOrganizational beviour /cRobert Kreitner and Angelo Kinicki, a3RD. aChicago:bIrwin,c1995. axxii, 605 p.:bill;c26cm. aIncludes index. aContents: The World od organizational behavior: Managing organizational behaviour for quality and results -- International OB: Managing across cultures -- Managing diversity: Releasing every employee's potential -- Individual behavior: Individual differences, values and ethics -- Perception and attributions -- Motivation through needs, job design and satisfaction -- Motivation through equity, expectancy and goal setting -- Behaviour modification and self-management -- Group and social processes: Group dynamics -- Power, politics and conflict -- Individual and group decision making -- Teams and teamwork -- Organizational processes: Organizational communication processes -- Performance appraisal, feedback and rewards -- Leadership -- Managing occupational stress -- The Evolving organization: Organizations: Structure and effectiveness -- Organizational life cycles and design -- Organizational culture -- Managing change in learning organizations -- Advanced learning module A. aOrganizational behavior.